<?xml version="1.0" encoding="UTF-8"?>
<marc:record xmlns:marc="http://www.loc.gov/MARC21/slim">
   <marc:leader>00000nam a2200000 a 4500</marc:leader>
   <marc:datafield ind1="1" ind2=" " tag="100">
      <marc:subfield code="a">Falk, Rita</marc:subfield>
      <marc:subfield code="4">aut</marc:subfield>
      <marc:subfield code="e">Verfasser/-in</marc:subfield>
   </marc:datafield>
   <marc:datafield ind1=" " ind2=" " tag="653">
      <marc:subfield code="a">Krimi</marc:subfield>
   </marc:datafield>
   <marc:datafield ind1=" " ind2=" " tag="653">
      <marc:subfield code="a">Bayernkrimi</marc:subfield>
   </marc:datafield>
   <marc:datafield ind1="0" ind2="0" tag="245">
      <marc:subfield code="a">Apfelstrudel-Alibi</marc:subfield>
   </marc:datafield>
   <marc:datafield ind1="0" ind2="0" tag="245">
      <marc:subfield code="b">Ein Provinzkrimi</marc:subfield>
   </marc:datafield>
   <marc:datafield ind1="0" ind2="0" tag="245">
      <marc:subfield code="c">Falk, Rita</marc:subfield>
   </marc:datafield>
   <marc:datafield ind1=" " ind2="1" tag="264">
      <marc:subfield code="a">München</marc:subfield>
      <marc:subfield code="b">dtv Verlagsgesellschaft</marc:subfield>
   </marc:datafield>
   <marc:datafield ind1="1" ind2=" " tag="490">
      <marc:subfield code="a">Franz Eberhofer</marc:subfield>
      <marc:subfield code="v">13</marc:subfield>
   </marc:datafield>
   <marc:datafield ind1=" " ind2=" " tag="250">
      <marc:subfield code="a">Originalausgabe</marc:subfield>
   </marc:datafield>
   <marc:datafield ind1="1" ind2=" " tag="520">
      <marc:subfield code="a">Als ob der Eberhofer Franz nicht schon Ärger genug hätt: Nein, jetzt muss die Susi-Maus sich auch noch als frischgebackene Bürgermeisterin wichtigmachen. Dabei hat er ganz andere Sorgen, als seiner vielbeschäftigten Frau alles hinterherzutragen. Noch dazu, wo er nämlich einen Mordfall hat, einen waschechten. &#xD;
Zumindest glaubt das der Richter Moratschek, dessen geliebte Patentochter Letitia bestimmt nicht von ganz allein in Südtirol vom Berg gestürzt ist.&#xD;
Dem Eberhofer kommt das auch ganz spanisch vor – oder eher italienisch! Und so kraxelt er schon bald auf den Spuren des vermeintlichen Mordopfers in den Dolomiten herum. Und der Rudi, der muss derweil beim Hauptverdächtigen auf dem Campingplatz ermitteln – inkognito versteht sich. Na, sauber!</marc:subfield>
   </marc:datafield>
   <marc:datafield ind1=" " ind2=" " tag="020">
      <marc:subfield code="a">9783423264457</marc:subfield>
      <marc:subfield code="9">9783423264457</marc:subfield>
   </marc:datafield>
   <marc:datafield ind1=" " ind2=" " tag="020">
      <marc:subfield code="a">3423264454</marc:subfield>
      <marc:subfield code="9">3423264454</marc:subfield>
   </marc:datafield>
   <marc:datafield ind1=" " ind2=" " tag="041">
      <marc:subfield code="a">ger</marc:subfield>
   </marc:datafield>
   <marc:datafield ind1="0" ind2=" " tag="490">
      <marc:subfield code="v">13</marc:subfield>
   </marc:datafield>
   <marc:datafield ind1=" " ind2=" " tag="338">
      <marc:subfield code="a">Band</marc:subfield>
   </marc:datafield>
   <marc:datafield ind1=" " ind2=" " tag="300">
      <marc:subfield code="a">336 Seiten</marc:subfield>
   </marc:datafield>
</marc:record>
